| 000 | 00865nam a22002657a 4500 | ||
|---|---|---|---|
| 001 | 6902 | ||
| 003 | FISKH | ||
| 005 | 20251127100717.0 | ||
| 008 | 250605b cb ||||| |||| 00| 0 eng d | ||
| 020 | _a708431205468 | ||
| 040 |
_aFISKH _beng _cFISKH _dFISKH |
||
| 050 | _aPZ7 | ||
| 082 | _a793.73 | ||
| 100 | _aAnonymous | ||
| 245 | _aPuzzle time : Pixar pals / | ||
| 260 |
_aOntario : _bLeap Frog Enterprise, _c2010. |
||
| 300 |
_a17 pages : _bcolor illustrations ; _c24 cm |
||
| 505 | _aE | ||
| 520 | _aJoin familiar friends from Toy story 3, Cars, Finding Neo and Wall-E in 18 activity-packed interative games. Teaches mathematics, logic and reasoning, memory skills and life sciences. | ||
| 521 | 8 |
_a160
_bLexile estimate |
|
| 521 | 8 |
_aE
_bRaz-Plus |
|
| 650 |
_aDisney _vLeap Frog _xEasy reader |
||
| 942 |
_2ddc _cBK _n0 |
||
| 999 |
_c6902 _d6902 |
||